000 01581nam a22004097a 4500
001 0020864
003 KOHA_MİRAKIL
005 20260207002305.0
007 ta
008 100812b1999 tu |||gr||||#0|||1|tur |
020 _a9754370575
020 _a9789754370577
040 _aTR-BiSEU
_btur
_cTR-BiSEU
_erda
041 0 _atur
044 _ctu
050 _aPL248.S24
_bY35 1999
100 1 _aSafa, Peyami.
245 1 _aYalnızız/
_cPeyami Safa ; Peyami Safa.
250 _a14. basım.
264 1 _aİstanbul :
_bÖtüken
_c1999
300 _a365 sayfa ;
_c20 cm.
336 _ametin
_btxt
_2rdacontent
337 _aaracısız
_bn
_2rdamedia
338 _acilt
_bnc
_2rdacarrier
490 1 _aÖtüken yayınları ;
_vnu.
490 1 _a76.
490 1 _aEdebî eserler ;
_v36.
500 _aPeyami Safa bütün romanları.
505 _aPeyami'nin kendisine has bir roman tekniği kullanarak cemiyet hakkındaki orijinal tasavvurlarını bir ütopya yazarı vasıtasıyla aksettirdiği romanıdır. Geride kalan yarım asırda kendisine en çok atıf yapılan edebî ütopya haline gelen "Simeranya" bu eserde ortaya konmuştur. Bir evin içerisinde yaşayan fakat yaşayışları arasında alaka kurulamayan fertler üzerinden toplumun bölünmüşlüğünün resmi... Ruhunu arayan bir duyarlılığın hikâyesi..
650 0 _aTürk romanı.
_95504
650 0 _aTurkish fiction.
_96661
830 1 _aÖtüken yayınları ;
_vnu.
_96723
830 1 _a76.
_96534
830 1 _aEdebî eserler ;
_v36.
_924040
907 _aRoman
942 _2lcc
_cBK
999 _c20820
_d20820